000 00692nam a2200289Ia 4500
005 20260324124018.0
008 008 260324s9999 xx 000 0 eng d
020 _a9780203831434
037 _aEBOOK
040 _aCRL
040 _beng
040 _cCRL
041 _2eng
041 _aeng
084 _qCRL
100 _aElizabeth Ermarth
_91172515
245 0 _aHistory in the Discursive Condition
245 0 _bReconsidering the Tools of Thought
260 _bTaylor and Francis
260 _c2011
365 _a
365 _b230
856 _uhttp://www.taylorfrancis.com/books/9780203831434
942 _cEBOOK
999 _c1766527
_d1766527